W jakim mieście znajduje się ta dzielnica? - Statystyki

Ogólne statystyki
  • Ten quiz został rozwiązany 34 razy
  • Średni wynik to 10 z 20
Statystyki odpowiedzi
Dzielnica Miasto % Poprawnych
Bethnal Green Londyn
90%
Harlem Nowy Jork
90%
San Siro Mediolan
77%
Xidan Pekin
71%
Kanda Tokio
68%
Arsenal Paryż
61%
Puszkin Petersburg
55%
Kings Cross Sydney
52%
Al-Helmiya Kair
48%
Paraisopolis Sao Paulo
48%
Liberty Village Toronto
45%
Tepito Meksyk
42%
New Quay Melbourne
35%
Georgetown Waszyngton
35%
Milnerton Kapsztad
32%
Restrepo Bogota
29%
Ikoyi Lagos
26%
Freiham Monachium
26%
Highbrook Auckland
19%
San Diego Santiago
19%
Nie znaleziono quizów pasujących do podanych kryteriów
Rozkład punktacji
Procent ludzi z każdym wynikiem
Percentyl według liczby udzielonych odpowiedzi
Twoja historia wyników
Nie rozwiązałeś tego quizu